Zadania matematyczne - Statystyki

Ogólne statystyki
  • Ten quiz został rozwiązany 51 razy
  • Średni wynik to 4 z 5
Statystyki odpowiedzi
Zagadnienie Odpowiedź % Poprawnych
Różnica dwóch liczb wynosi 457. Mniejsza z tych liczb jest równa 128. Ile wynosi większa liczba? 585
93%
2+2*2 (*-razy) 6
87%
Klasa I zebrała 66 kg makulatury, klasa II o 79 kg więcej niż klasa I, zaś klasa III o 53 kg mniej niż klasa II. Ile kilogramów makulatury zebrały te trzy klasy? 303
80%
wzór na pole trapezu (a+b)*h/2
80%
Suma trzech liczb wynosi 941. Pierwsza liczba to 184, druga jest o 68 większa od pierwszej. Znajdź drugi i trzeci składnik tej sumy. druga liczba wynosi 252, a trzecia 505
67%
Nie znaleziono quizów pasujących do podanych kryteriów
Rozkład punktacji
Procent ludzi z każdym wynikiem
Percentyl według liczby udzielonych odpowiedzi
Twoja historia wyników
Nie rozwiązałeś tego quizu